| 000 | 00906 a2200289 4500 | ||
|---|---|---|---|
| 001 | 200421773 | ||
| 650 |
_926482 _aBudget _zTurkey |
||
| 650 |
_926480 _aBütçe _zTürkiye |
||
| 999 |
_c200421773 _d32062 |
||
| 003 | TR-AnTOB | ||
| 005 | 20241121105931.0 | ||
| 008 | 150410b tu 000 0 | ||
| 040 |
_aTR-AnTOB _btur _erda |
||
| 041 | 0 | _atur | |
| 050 | 0 | 0 |
_aHJ2151.4 _bM47 2015 |
| 090 | _aHJ2151.4.M47 2015 | ||
| 245 | 1 | 0 |
_aMerkezi yönetim mali istatistikleri bülteni 2015 / _cMuhaset Genel Müdürlüğü. |
| 264 |
_aAnkara: _bMaliye Bakanlığı, _c2015 |
||
| 300 |
_a126 page ; _bres., tbl., şkl.; _c24 cm. |
||
| 336 |
_atext _2rdacontent |
||
| 337 |
_aunmediated _2rdamedia |
||
| 338 |
_avolume _2rdacarrier |
||
| 650 | 0 |
_aMaliye, Kamu _zTürkiye _918842 |
|
| 650 |
_aFinance, Public _zTurkey _918843 |
||
| 710 |
_aTürkiye. _bMaliye Bakanlığı. _bMuhasebat Genel Müdürlüğü _9105498 |
||
| 942 | _cBK | ||